01009nam a2200241Ia 450000500170000000800270001702000150004408200200005910000290007924501470010825000110025530000240026650000820029065000890037265000570046165000420051870000280056026400560058833600270064433700330067133800280070404000350073220220317000145.0141031s9999 ck 000 0 spa d a958824902304a306.60986bL65r10aLondoño Vega, Patricia10aReligión, cultura y sociedad en Colombia : Medellín y Antioquia, 1850-1930 cPatricia Londoño Vega ; traducción Carlos José Restrepo a1a ed. axii, 449 páginas  aIncluye apéndices, bibliografía e índice analítico al final del texto14a Instituciones religiosas y eclesiásticas 2LEMBySiglo XIXzAntioquia (Colombia) 14a Religión 2LEMBySiglo XIXzAntioquia (Colombia) 14aReligión y cultura 2LEMBxHistoria10aRestrepo, Carlos José aBogotá bFondo de Cultura Económica, 2004c2004 atextobtxt2rdacontent asin mediaciónbn2rdamedia avolumenbnc2rdacarrier aCO-BoRNBPbspaerdacCO-BoRNBP